000 01461 a2200253 4500
001 39016
005 20260407155649.0
008 260407a1992 arg spa d
003 AR-UNSa-BCEJYS
040 _aAR-UNSa-BCEJYS
_bspa
_cAR-UNSa-BCEJYS
080 _a94(82):32
_xHistoria Política y Constitucional de Argentina
245 1 0 _aHistoria política y constitucional
_pArgentina 1776-1989
020 _a950-534-163-6
264 1 _aBuenos Aires :
_bCírculo Militar
_c1992
300 _axvii, 488 p.
_c22 cm.
505 _a1. Doctrinas e influencias que prepararon el preceso emancipador - 2. Los precursores de la emancipación - 3. Vísperas de nuestra emancipación - 4. Comienzos de la emancipación - 5. Emancipación política - 6. El problema constitucional - 7. La época de Rosas - 8. La Constitución de 1853 - 9. Secesión - 10. Unión nacional - 11. La liga de gobernadores - 12. Grandes controversias - 13. Bajo La Ley Sáenz Peña - 14. Crisis institucional - 15. El peronismo - 16. La revolución libertadora - 17. Años confusos - 18. Dos ciclos políticos - 19. El ocaso de la "Revolución Argentina" - 20. Subversión y corrupción
041 _aspa
942 _cBK
590 _aniveau_biblio:m niveau_hierar:0
100 1 _aRodríguez Varela, Alberto
700 1 _aRomero Carranza, Ambrosio
700 1 _aVentura, Eduardo
856 4 1 _uhttps://biblioeco.unsa.edu.ar/pmb/images/libros/L125646.jpg
_yImagen de portada
_qimage/jpeg
999 _c2945
_d2945